[Event "UZB-ch (Women)"]
[Site "Tashkent"]
[Date "2016.03.18"]
[Round "9"]
[White "Verbova, Elena"]
[Black "Danierova, Rayhon"]
[Result "1-0"]
[WhiteElo "2104"]
[BlackElo "1932"]
[PlyCount "103"]
[EventDate "2016.03.10"]
[EventType "tourn"]
[EventRounds "11"]
[EventCountry "UZB"]
[SourceTitle "CBM 171 Extra"]
[Source "ChessBase"]
[SourceDate "2016.04.26"]
[SourceVersion "1"]
[SourceVersionDate "2016.04.26"]
[SourceQuality "1"]

1. d4 Nf6 2. Nc3 d6 3. e4 g6 4. h3 Bg7 5. g4 Nbd7 6. Bg2 e5 7. Nge2 exd4 8. Nxd4 Nc5 9. 0-0 0-0 10. Bf4 Re8 11. Re1 Nfd7 12. Qd2 Ne5 13. b3 Ne6 14. Nxe6 Bxe6 15. Rad1 Qc8 16. Re3 Qd8 17. Rg3 f6 18. Be3 a5 19. f4 Nc6 20. f5 Bf7 21. Rf1 Ne5 22. h4 c6 23. Rd1 Bf8 24. g5 Be7 25. Qf2 Kh8 26. Bb6 Qb8 27. gxf6 Bd8 28. Be3 Rf8 29. Bh6 Bxf6 30. fxg6 Bxg6 31. Bxf8 Qxf8 32. Rf1 Nd7 33. Rf3 Kg7 34. Qg3 Qe7 35. h5 Bh4 36. Rf7+ Kh8 37. Rxe7 Bxg3 38. hxg6 Nc5 39. Rxh7+ Kg8 40. Ne2 Be5 41. Nf4 Rf8 42. Nd3 Bd4+ 43. Kh2 Re8 44. Nxc5 dxc5 45. Rxb7 Re6 46. g7 Bxg7 47. Rxg7+ Kxg7 48. Rf5 Kg6 49. Rxc5 Kf6 50. Rf5+ Ke7 51. Rxa5 Kd6 52. e5+ 1-0

[Event "UZB-ch (Women)"]
[Site "Tashkent"]
[Date "2016.03.12"]
[Round "3"]
[White "Kakhramonova, Mokhinur"]
[Black "Verbova, Elena"]
[Result "1-0"]
[WhiteElo "2013"]
[BlackElo "2104"]
[PlyCount "115"]
[EventDate "2016.03.10"]
[EventType "tourn"]
[EventRounds "11"]
[EventCountry "UZB"]
[SourceTitle "CBM 171 Extra"]
[Source "ChessBase"]
[SourceDate "2016.04.26"]
[SourceVersion "1"]
[SourceVersionDate "2016.04.26"]
[SourceQuality "1"]

1. e4 c6 2. d4 d5 3. Nd2 dxe4 4. Nxe4 Nf6 5. Nxf6+ gxf6 6. Ne2 Bf5 7. Ng3 Bg6 8. h4 h5 9. Be2 e6 10. c3 c5 11. Qb3 Qb6 12. Qxb6 axb6 13. Be3 Bd6 14. Nf1 Be4 15. Rg1 Nd7 16. g3 Ke7 17. a3 Bc6 18. Rd1 f5 19. Bg5+ f6 20. Bf4 Bb8 21. Ne3 Ba4 22. Rd2 b5 23. Bxb8 Raxb8 24. d5 Ne5 25. dxe6 Kxe6 26. Nd5 Rbd8 27. Nf4+ Ke7 28. Rxd8 Rxd8 29. Nxh5 Nc4 30. Ng7 Bc2 31. g4 Rg8 32. gxf5 Nxb2 33. Kd2 Be4 34. Rg3 Rd8+ 35. Ke3 Bc2 36. Ne6 Rd5 37. Rg7+ Kd6 38. Rxb7 Na4 39. Ng7 Bxf5 40. Bxb5 Re5+ 41. Kf4 Bc8 42. Rb8 Kc7 43. Rxc8+ Kxc8 44. Bxa4 Re2 45. f3 Ra2 46. Bc6 c4 47. h5 Rxa3 48. h6 Ra1 49. h7 Rh1 50. Be4 Kd7 51. Bg6 Rh6 52. Kf5 Ke7 53. Nh5 Kf8 54. Nxf6 Kg7 55. Ng4 Rh3 56. Ne5 Rg3 57. Nf7 Rxf3+ 58. Ke4 1-0

[Event "UZB-ch (Women)"]
[Site "Tashkent"]
[Date "2015.05.12"]
[Round "8"]
[White "Verbova, Elena"]
[Black "Tokhirjonova, Gulruhbegim"]
[Result "0-1"]
[WhiteElo "1941"]
[BlackElo "2294"]
[PlyCount "98"]
[EventDate "2015.05.05"]
[EventType "tourn"]
[EventRounds "9"]
[EventCountry "UZB"]
[SourceTitle "CBM 166 Extra"]
[Source "ChessBase"]
[SourceDate "2015.06.18"]
[SourceVersion "1"]
[SourceVersionDate "2015.06.18"]
[SourceQuality "1"]

1. e4 e6 2. d4 d5 3. Nd2 Nc6 4. Ngf3 Nf6 5. e5 Nd7 6. c3 f6 7. exf6 Qxf6 8. Bb5 Bd6 9. Nf1 e5 10. dxe5 Ncxe5 11. Nxe5 Qxe5+ 12. Qe2 c6 13. Qxe5+ Nxe5 14. Be2 0-0 15. f4 Ng6 16. g3 Bh3 17. Be3 a5 18. Bd3 Rae8 19. Kd2 a4 20. a3 Ne7 21. Re1 Nf5 22. Bf2 Bc7 23. Rxe8 Rxe8 24. Ne3 Nd6 25. Re1 Ne4+ 26. Bxe4 Rxe4 27. Nc2 Rxe1 28. Nxe1 Bf5 29. Nd3 b6 30. Bd4 h5 31. Be5 Bd8 32. Nf2 Kf7 33. h3 Bd7 34. Ke2 g6 35. h4 c5 36. Kd2 Bf5 37. Nd1 b5 38. Ne3 Be4 39. Bd6 Bb6 40. Be5 Ke6 41. Nd1 d4 42. cxd4 cxd4 43. Nf2 Bf5 44. Bg7 Kd5 45. Bf8 Ba5+ 46. Kd1 Kc4 47. Bg7 d3 48. Kc1 Be1 49. g4 hxg4 0-1

[Event "UZB-ch (Women)"]
[Site "Tashkent"]
[Date "2015.05.07"]
[Round "3"]
[White "Gevorgyan, Irina"]
[Black "Verbova, Elena"]
[Result "1-0"]
[WhiteElo "2185"]
[BlackElo "1941"]
[PlyCount "121"]
[EventDate "2015.05.05"]
[EventType "tourn"]
[EventRounds "9"]
[EventCountry "UZB"]
[SourceTitle "CBM 166 Extra"]
[Source "ChessBase"]
[SourceDate "2015.06.18"]
[SourceVersion "1"]
[SourceVersionDate "2015.06.18"]
[SourceQuality "1"]

1. Nf3 Nf6 2. c4 e6 3. Nc3 d5 4. d4 Bb4 5. Bg5 Nbd7 6. cxd5 exd5 7. Nd2 0-0 8. Nxd5 Be7 9. Nxe7+ Qxe7 10. e3 h6 11. Bxf6 Nxf6 12. Be2 Bf5 13. 0-0 Rfd8 14. Bf3 c5 15. Nb3 Rac8 16. Re1 cxd4 17. Nxd4 Be4 18. Qa4 Bxf3 19. Nxf3 a6 20. h3 Rd5 21. Rac1 Rdc5 22. Rxc5 Qxc5 23. Qd4 Qa5 24. a3 Rd8 25. Qc4 Qb6 26. b4 Qd6 27. Nd4 Ne4 28. Rc1 Qf6 29. Qc2 Nd6 30. Qe2 Re8 31. Qf3 Qxf3 32. Nxf3 Re7 33. Nd4 Kf8 34. Kf1 Ke8 35. Ke2 Kd7 36. a4 Re8 37. g4 g6 38. f3 f6 39. h4 Rh8 40. Rc5 g5 41. h5 Re8 42. Kd3 Nf7 43. Rd5+ Ke7 44. a5 Rc8 45. Rc5 Ne5+ 46. Ke4 Nc6 47. b5 axb5 48. Rxb5 Re8 49. Rxb7+ Kd6+ 50. Kd3 Ne5+ 51. Ke2 Ra8 52. Rb6+ Kd5 53. a6 Nd7 54. Rb5+ Kc4 55. Ra5 Nc5 56. a7 Nb7 57. Ra2 Nd6 58. Ra4+ Kc5 59. Nf5 Nb5 60. Ra6 Nc3+ 61. Kd3 1-0

[Event "UZB-ch U20 Girls"]
[Site "Novbahor"]
[Date "2012.09.10"]
[Round "5"]
[White "Parpieva, Nodirabegim"]
[Black "Verbova, Elena"]
[Result "1-0"]
[WhiteElo "1822"]
[BlackElo "1901"]
[PlyCount "103"]
[EventDate "2012.09.06"]
[EventType "tourn"]
[EventRounds "9"]
[EventCountry "UZB"]
[SourceTitle "EXT 2013"]
[Source "ChessBase"]
[SourceDate "2012.11.22"]
[SourceVersion "1"]
[SourceVersionDate "2012.11.22"]
[SourceQuality "1"]

1. e4 e6 2. d4 d5 3. Nd2 Nf6 4. e5 Nfd7 5. Bd3 c5 6. c3 Nc6 7. Ne2 cxd4 8. cxd4 f6 9. exf6 Nxf6 10. Nf3 Bd6 11. 0-0 0-0 12. Bg5 Qc7 13. Qc2 a6 14. Bh4 h6 15. Bg3 Qb8 16. a3 Bd7 17. Rfe1 b5 18. Qd2 Nh5 19. Bxd6 Qxd6 20. b4 Rf6 21. Nc1 Raf8 22. Nb3 Nf4 23. Ne5 Nxd3 24. Nxd3 Na7 25. Nbc5 Nc8 26. Qe2 Na7 27. Qe5 Qc6 28. Rac1 Bc8 29. Ne4 Rf5 30. Qd6 dxe4 31. Rxc6 Nxc6 32. Rxe4 Nd8 33. Rf4 Nf7 34. Qc7 Rd5 35. Rxf7 Rxf7 36. Qxc8+ Kh7 37. Qxe6 Rfd7 38. g3 Rxd4 39. Nf4 R4d6 40. Qf5+ Kg8 41. Ne6 Rf7 42. Qe5 Rd1+ 43. Kg2 Rd2 44. Qe3 Rd6 45. Nc5 Kf8 46. Ne4 Re6 47. Qc5+ Rfe7 48. Nd6 Kg8 49. Qc8+ Kh7 50. Nf5 Re8 51. Qd7 Kg6 52. Nxg7 1-0

[Event "Asia U20 Girls op"]
[Site "Tashkent"]
[Date "2012.06.05"]
[Round "7"]
[White "Tokhirjonova, Gulruhbegim"]
[Black "Verbova, Elena"]
[Result "1/2-1/2"]
[WhiteElo "1947"]
[BlackElo "1973"]
[PlyCount "101"]
[EventDate "2012.05.30"]
[EventType "swiss"]
[EventRounds "9"]
[EventCountry "UZB"]
[SourceTitle "CBM 148 Extra"]
[Source "ChessBase"]
[SourceDate "2012.06.22"]
[SourceVersion "1"]
[SourceVersionDate "2012.06.22"]
[SourceQuality "1"]

1. e4 e5 2. Nf3 Nf6 3. Nc3 Nc6 4. d4 exd4 5. Nxd4 Bb4 6. Nxc6 bxc6 7. Bd3 d5 8. exd5 cxd5 9. 0-0 0-0 10. Bg5 c6 11. Na4 Be7 12. Re1 Be6 13. c3 Re8 14. Bc2 Qc7 15. Qd3 g6 16. Qd4 Ng4 17. Bf4 Qc8 18. b4 Bf5 19. Bxf5 Qxf5 20. h3 Nf6 21. Re5 Qd7 22. Nc5 Bxc5 23. bxc5 Re6 24. Rae1 Rae8 25. Rxe6 Rxe6 26. Rb1 Ne8 27. f3 f6 28. a4 g5 29. Bb8 Re2 30. Kf1 Re7 31. Qg4 Qd8 32. Bg3 Qa5 33. Qd4 Qa6+ 34. Kg1 Kf7 35. Rb8 Ng7 36. Bf2 Ne6 37. Qb4 Kg7 38. h4 h6 39. Bg3 Qe2 40. Kh2 f5 41. Bd6 Rf7 42. Rb7 f4 43. Rxf7+ Kxf7 44. Qb1 Ng7 45. h5 Qe6 46. Qb7+ Kg8 47. Qb8+ Kh7 48. Qc7 Qe1 49. Be5 Qh4+ 50. Kg1 Qe1+ 51. Kh2 1/2-1/2

[Event "UZB-ch (Women)"]
[Site "Tashkent"]
[Date "2012.05.25"]
[Round "9"]
[White "Verbova, Elena"]
[Black "Kurbonboeva, Sarvinoz"]
[Result "1-0"]
[WhiteElo "1973"]
[BlackElo "2199"]
[PlyCount "143"]
[EventDate "2012.05.17"]
[EventType "tourn"]
[EventRounds "9"]
[EventCountry "UZB"]
[SourceTitle "CBM 148 Extra"]
[Source "ChessBase"]
[SourceDate "2012.06.22"]
[SourceVersion "1"]
[SourceVersionDate "2012.06.22"]
[SourceQuality "1"]

1. e4 c5 2. Nf3 a6 3. d4 cxd4 4. Nxd4 e6 5. Bd3 Nc6 6. Nxc6 bxc6 7. c4 Nf6 8. Nc3 d6 9. Be3 Be7 10. 0-0 e5 11. f3 0-0 12. Qe2 Be6 13. Rfd1 Qc7 14. Rac1 Qb7 15. b3 Rfd8 16. Bf2 Nh5 17. g3 Nf6 18. Na4 Nd7 19. c5 dxc5 20. Kg2 a5 21. Rd2 Bg5 22. Be3 Bxe3 23. Qxe3 Qb4 24. Rcd1 c4 25. Bxc4 Bxc4 26. Rxd7 Rxd7 27. Rxd7 Be6 28. Rd2 f6 29. Nc5 Bf7 30. Na4 Rc8 31. Nb6 Rb8 32. Nd7 Rc8 33. Nc5 Qb6 34. Qc3 Rd8 35. Rxd8+ Qxd8 36. Qd3 Qe7 37. Qc3 Qd8 38. Qd3 Qe7 39. Na4 Be6 40. Qd2 Qa3 41. g4 Kf7 42. Qc2 Qd6 43. Nc5 g6 44. Qc3 Qc7 45. Nd3 h5 46. g5 Qd6 47. gxf6 Kxf6 48. f4 Ke7 49. Nxe5 Qd1 50. Nxc6+ Kf7 51. Ne5+ Ke8 52. Qd3 Qc1 53. Nxg6 Qb2+ 54. Kg3 Qxa2 55. Qb5+ Kf7 56. Ne5+ Kf6 57. Nf3 Bg4 58. Qe5+ Kf7 59. Ng5+ Kf8 60. Qf6+ Ke8 61. Qc6+ Ke7 62. Qc5+ Ke8 63. Qe5+ Kd7 64. Qd5+ Kc8 65. f5 Qa1 66. Ne6 Qg1+ 67. Kf4 Qxh2+ 68. Kg5 Qg3 69. Qa8+ Kd7 70. Qb7+ Ke8 71. Qc8+ Ke7 72. Qd8+ 1-0

[Event "UZB-ch (Women)"]
[Site "Tashkent"]
[Date "2012.05.17"]
[Round "1"]
[White "Abdusattorova, Bakhora"]
[Black "Verbova, Elena"]
[Result "1/2-1/2"]
[WhiteElo "1739"]
[BlackElo "1973"]
[PlyCount "119"]
[EventDate "2012.05.17"]
[EventType "tourn"]
[EventRounds "9"]
[EventCountry "UZB"]
[SourceTitle "CBM 148 Extra"]
[Source "ChessBase"]
[SourceDate "2012.06.22"]
[SourceVersion "1"]
[SourceVersionDate "2012.06.22"]
[SourceQuality "1"]

1. d4 d5 2. c4 e6 3. Nc3 Nf6 4. cxd5 exd5 5. Bg5 Be7 6. e3 c6 7. Bd3 0-0 8. Qc2 Nbd7 9. Nge2 Re8 10. 0-0 Nf8 11. f3 h6 12. Bh4 Ne6 13. Rae1 b6 14. Bf2 Bb7 15. h3 c5 16. Bf5 Nf8 17. h4 a6 18. e4 g6 19. Bh3 cxd4 20. Nxd4 dxe4 21. fxe4 Bc5 22. Nf3 Bxf2+ 23. Rxf2 Bc8 24. Rd1 Qc7 25. Bxc8 Raxc8 26. Nh2 Qe5 27. Qb3 Qe6 28. Nd5 Nxe4 29. Re1 Nd7 30. Rfe2 Ndc5 31. Qc4 b5 32. Qd4 Qe5 33. Qxe5 Rxe5 34. Nf6+ Kg7 35. Nxe4 Nd3 36. Nd6 Rxe2 37. Rxe2 Rc6 38. Ne4 Nc1 39. Rd2 Nxa2 40. Nf3 Nb4 41. Nc3 Rc5 42. Ne4 Rc1+ 43. Kf2 Nc6 44. Ke3 a5 45. Rd5 b4 46. Rc5 Rxc5 47. Nxc5 f5 48. Kd3 Kf6 49. Kc4 g5 50. Kb5 Ne7 51. Kxa5 g4 52. Ne1 Ng6 53. Kxb4 Nxh4 54. Ncd3 Ng6 55. g3 h5 56. Ng2 Kg5 57. Ngf4 h4 58. gxh4+ Nxh4 59. Ne6+ Kf6 60. Nef4 1/2-1/2

[Event "UZB-ch U20 Girls"]
[Site "Tashkent"]
[Date "2011.09.16"]
[Round "11"]
[White "Mamatkulova, Maftuna"]
[Black "Verbova, Elena"]
[Result "1-0"]
[WhiteElo "2091"]
[BlackElo "1918"]
[PlyCount "97"]
[EventDate "2011.09.06"]
[EventType "tourn"]
[EventRounds "13"]
[EventCountry "UZB"]
[SourceTitle "CBM 144 Extra"]
[Source "ChessBase"]
[SourceDate "2011.10.28"]
[SourceVersion "1"]
[SourceVersionDate "2011.10.28"]
[SourceQuality "1"]

1. d4 d5 2. c4 e6 3. Nc3 Nf6 4. Bg5 Be7 5. e3 c6 6. Qc2 Nbd7 7. cxd5 Nxd5 8. Bxe7 Qxe7 9. Nf3 Nxc3 10. Qxc3 0-0 11. Be2 Nf6 12. 0-0 Bd7 13. Ne5 Nd5 14. Qd2 f6 15. Nf3 Qd6 16. Rfd1 Rad8 17. Rac1 Be8 18. Ne1 Bg6 19. Bc4 Kh8 20. Qa5 b6 21. Qa6 Rd7 22. Bxd5 exd5 23. Rc3 Rc7 24. Rdc1 Rfc8 25. a3 h6 26. b4 Bf5 27. h3 h5 28. Nd3 g5 29. Qa4 Qe6 30. Qd1 h4 31. b5 Bxd3 32. Qxd3 Kg7 33. Qc2 c5 34. dxc5 Rxc5 35. Qd3 Qe5 36. Rxc5 Rxc5 37. Qd1 Rxb5 38. Qa4 Qb2 39. Qxa7+ Kg6 40. Rc8 Qa1+ 41. Kh2 Qe5+ 42. f4 Qe6 43. Rh8 Qf7 44. Rh6+ Kxh6 45. Qxf7 gxf4 46. Qxf6+ Kh5 47. exf4 d4 48. Qh8+ Kg6 49. Qe8+ 1-0

[Event "UZB-ch U20 Girls"]
[Site "Tashkent"]
[Date "2011.09.15"]
[Round "10"]
[White "Verbova, Elena"]
[Black "Tursunova, Shahnoza"]
[Result "1/2-1/2"]
[WhiteElo "1918"]
[BlackElo "1757"]
[PlyCount "96"]
[EventDate "2011.09.06"]
[EventType "tourn"]
[EventRounds "13"]
[EventCountry "UZB"]
[SourceTitle "CBM 144 Extra"]
[Source "ChessBase"]
[SourceDate "2011.10.28"]
[SourceVersion "1"]
[SourceVersionDate "2011.10.28"]
[SourceQuality "1"]

1. e4 c5 2. Nc3 e6 3. g3 Nc6 4. Bg2 g6 5. d3 Bg7 6. Nge2 Nge7 7. Be3 d6 8. Qd2 0-0 9. 0-0 Nd4 10. Rab1 Rb8 11. a4 b6 12. f4 Bb7 13. Bf2 f5 14. Nxd4 cxd4 15. Nb5 e5 16. Qb4 Nc8 17. Qc4+ Kh8 18. Nc7 Qf6 19. c3 dxc3 20. bxc3 Ne7 21. Nb5 Ba6 22. Qb4 Nc6 23. fxe5 Qxe5 24. Qb2 Rbc8 25. d4 Qe7 26. exf5 Rxf5 27. Bh3 Rcf8 28. Bxf5 Rxf5 29. Rfe1 Qd7 30. Qe2 Rf8 31. Qe6 Qxe6 32. Rxe6 Na5 33. Rxd6 Nc4 34. Rd7 Nd2 35. Rd1 Ne4 36. Be1 Bc8 37. Nd6 Bxd7 38. Nxe4 Bxa4 39. Ra1 Bc6 40. Nd6 Ra8 41. Bf2 b5 42. Ra6 Bd7 43. Ne4 Bf5 44. Nd6 Bd3 45. Ra5 a6 46. Nb7 Bf8 47. Nc5 Bxc5 48. dxc5 Be4 1/2-1/2

[Event "UZB-ch U20 Girls"]
[Site "Tashkent"]
[Date "2011.09.13"]
[Round "8"]
[White "Verbova, Elena"]
[Black "Sabirova, Jannet"]
[Result "1-0"]
[WhiteElo "1918"]
[BlackElo "1828"]
[PlyCount "85"]
[EventDate "2011.09.06"]
[EventType "tourn"]
[EventRounds "13"]
[EventCountry "UZB"]
[SourceTitle "CBM 144 Extra"]
[Source "ChessBase"]
[SourceDate "2011.10.28"]
[SourceVersion "1"]
[SourceVersionDate "2011.10.28"]
[SourceQuality "1"]

1. e4 c5 2. Nc3 e6 3. g3 g6 4. Bg2 Bg7 5. d3 Ne7 6. Nge2 Nbc6 7. Be3 Nd4 8. 0-0 e5 9. Nd5 Nxd5 10. exd5 Nxe2+ 11. Qxe2 d6 12. f4 0-0 13. c3 exf4 14. Bxf4 b5 15. Rae1 g5 16. Be3 Bd7 17. Qd2 h6 18. d4 c4 19. Qe2 Rb8 20. a3 a5 21. h4 f5 22. hxg5 hxg5 23. Qh5 Be8 24. Qxg5 Qxg5 25. Bxg5 Bf6 26. Rxf5 Bxd4+ 27. cxd4 Rxf5 28. Be7 Bf7 29. g4 Rf4 30. Bxd6 Rxg4 31. Bxb8 Bxd5 32. Re2 b4 33. axb4 axb4 34. Bd6 b3 35. Bb4 Rxd4 36. Bxd5+ Rxd5 37. Bc3 Kf7 38. Re4 Rd3 39. Rxc4 Ke6 40. Rd4 Re3 41. Kf2 Rh3 42. Ke2 Kf5 43. Rb4 1-0

[Event "UZB-ch U20 Girls"]
[Site "Tashkent"]
[Date "2011.09.08"]
[Round "3"]
[White "Verbova, Elena"]
[Black "Danierova, Rayhon"]
[Result "1-0"]
[WhiteElo "1918"]
[BlackElo "1918"]
[PlyCount "75"]
[EventDate "2011.09.06"]
[EventType "tourn"]
[EventRounds "13"]
[EventCountry "UZB"]
[SourceTitle "CBM 144 Extra"]
[Source "ChessBase"]
[SourceDate "2011.10.28"]
[SourceVersion "1"]
[SourceVersionDate "2011.10.28"]
[SourceQuality "1"]

1. e4 e6 2. d4 d5 3. Nd2 Nc6 4. c3 Nf6 5. e5 Nd7 6. f4 f5 7. Ndf3 Ne7 8. Be3 Ng6 9. Ng5 Nb6 10. Qh5 Qe7 11. N1f3 Kd7 12. Nxh7 Qe8 13. Nxf8+ Rxf8 14. Qh7 Rg8 15. Be2 Ne7 16. Ng5 Qf8 17. Qh4 Nc4 18. Bxc4 dxc4 19. Qf2 Nd5 20. Qe2 c6 21. Bd2 b5 22. a4 Ba6 23. axb5 Bxb5 24. 0-0 a5 25. Rf3 a4 26. Rh3 g6 27. Qf2 Rg7 28. Rh6 a3 29. bxa3 Rxa3 30. Qe1 Qa8 31. Rxa3 Qxa3 32. Rh8 Nc7 33. Nf3 Nd5 34. Qh4 Qe7 35. Qh6 Nc7 36. Bc1 Ne8 37. Nh4 Nc7 38. Ba3 1-0

[Event "UZB-ch U20 Girls"]
[Site "Tashkent"]
[Date "2011.09.07"]
[Round "2"]
[White "Kurbonboeva, Sarvinoz"]
[Black "Verbova, Elena"]
[Result "1/2-1/2"]
[WhiteElo "2133"]
[BlackElo "1918"]
[PlyCount "105"]
[EventDate "2011.09.06"]
[EventType "tourn"]
[EventRounds "13"]
[EventCountry "UZB"]
[SourceTitle "CBM 144 Extra"]
[Source "ChessBase"]
[SourceDate "2011.10.28"]
[SourceVersion "1"]
[SourceVersionDate "2011.10.28"]
[SourceQuality "1"]

1. d4 f5 2. Bg5 Nf6 3. Bxf6 exf6 4. e3 g6 5. c4 Bg7 6. Bd3 d6 7. Ne2 c6 8. Nbc3 Na6 9. a3 Nc7 10. Qc2 Qe7 11. 0-0 0-0 12. b4 Be6 13. Rac1 Bh6 14. Rfd1 Qf7 15. Nb1 Rfc8 16. Nd2 Qe7 17. Qb2 d5 18. cxd5 Nxd5 19. Nb3 f4 20. Nxf4 Bxf4 21. exf4 Nxf4 22. Bf1 Bd5 23. Nc5 b6 24. Re1 Qd6 25. Ne4 Bxe4 26. Rxe4 Re8 27. Rce1 Rxe4 28. Rxe4 Nd5 29. Bc4 b5 30. Bxd5+ cxd5 31. Re3 Rc8 32. g3 Kf7 33. Qe2 Qd7 34. Kg2 Rc4 35. Qd2 g5 36. Qd3 Kg7 37. Qe2 Kf7 38. Qh5+ Kg7 39. Qe2 Kf7 40. Qh5+ Kg7 41. Qe2 Kf7 42. h4 g4 43. Qd3 Kg7 44. Re1 a6 45. h5 Kg8 46. h6 Rc8 47. Qe3 Kf7 48. Qf4 Rc2 49. Qb8 Rc8 50. Qf4 Rc3 51. Re2 Kg6 52. Re1 Kf7 53. Qb8 1/2-1/2

[Event "Tashkent New Year-B"]
[Site "Tashkent"]
[Date "2010.12.24"]
[Round "4"]
[White "Gevorgyan, Irina"]
[Black "Verbova, Elena"]
[Result "1-0"]
[WhiteElo "2134"]
[BlackElo "1945"]
[PlyCount "71"]
[EventDate "2010.12.21"]
[EventType "swiss"]
[EventRounds "9"]
[EventCountry "UZB"]
[SourceTitle "EXT 2013"]
[Source "ChessBase"]
[SourceDate "2012.11.22"]
[SourceVersion "1"]
[SourceVersionDate "2012.11.22"]
[SourceQuality "1"]

1. Nf3 b6 2. g3 Bb7 3. Bg2 Nf6 4. 0-0 g6 5. d3 d5 6. Nbd2 Bg7 7. Re1 0-0 8. c3 c5 9. Qc2 Qc7 10. e4 e6 11. exd5 Nxd5 12. Nc4 Nc6 13. Qe2 Rad8 14. Bg5 Rd7 15. Rad1 h6 16. Bc1 Kh7 17. h4 b5 18. Nce5 Nxe5 19. Nxe5 Rdd8 20. a3 Nf6 21. Nf3 a5 22. c4 b4 23. axb4 axb4 24. Bf4 Qb6 25. Be5 Ng4 26. Bxg7 Kxg7 27. h5 gxh5 28. Nh4 Bxg2 29. Nxg2 Rd4 30. Nf4 Kh7 31. Nxh5 Kg6 32. Nf4+ Kh7 33. Qxg4 Rg8 34. Qf3 Qd6 35. Nh5 Kg6 36. Kg2 1-0

[Event "UZB-ch U20 Girls"]
[Site "Tashkent"]
[Date "2010.09.17"]
[Round "13"]
[White "Kakhramonova, Mokhinur"]
[Black "Verbova, Elena"]
[Result "1-0"]
[WhiteElo "1811"]
[BlackElo "1945"]
[PlyCount "119"]
[EventDate "2010.09.05"]
[EventType "tourn"]
[EventRounds "13"]
[EventCountry "UZB"]
[SourceTitle "CBM 138 Extra"]
[Source "ChessBase"]
[SourceDate "2010.10.29"]
[SourceVersion "1"]
[SourceVersionDate "2010.10.29"]
[SourceQuality "1"]

1. e4 e5 2. Nf3 Nc6 3. Bc4 Nf6 4. d3 Be7 5. c3 0-0 6. Bb3 d5 7. Qc2 Be6 8. Nbd2 a6 9. 0-0 Bc5 10. exd5 Bxd5 11. Ne4 Bxb3 12. Nxf6+ Qxf6 13. Qxb3 Bb6 14. Be3 Bxe3 15. fxe3 b6 16. d4 exd4 17. exd4 Na5 18. Qc2 Qf4 19. Ne5 Qe3+ 20. Kh1 f6 21. Nd3 Rfe8 22. Rae1 Qg5 23. c4 Qg6 24. b4 Nc6 25. c5 b5 26. Qb3+ Qf7 27. Qxf7+ Kxf7 28. Ne5+ Nxe5 29. dxe5 Rad8 30. Kg1 Rd2 31. exf6 Rxe1 32. Rxe1 gxf6 33. a4 Rd4 34. axb5 Rxb4 35. bxa6 Ra4 36. Rd1 Ke6 37. c6 Rxa6 38. Rd7 Rxc6 39. Rxh7 Rc2 40. h4 Rc4 41. h5 Kf5 42. Rg7 Rh4 43. g3 Ra4 44. h6 Ra8 45. h7 Rh8 46. Kf2 Ke4 47. Rxc7 f5 48. Re7+ Kd5 49. Kf3 Kd6 50. Ra7 Ke6 51. Kf4 Kf6 52. Ra6+ Kg7 53. Kg5 Rxh7 54. Ra7+ Kg8 55. Rxh7 Kxh7 56. Kxf5 Kh6 57. g4 Kh7 58. Kf6 Kh6 59. g5+ Kh7 60. g6+ 1-0

[Event "UZB-ch U20 Girls"]
[Site "Tashkent"]
[Date "2010.09.15"]
[Round "11"]
[White "Kim, Natalya"]
[Black "Verbova, Elena"]
[Result "0-1"]
[WhiteElo "1932"]
[BlackElo "1945"]
[PlyCount "124"]
[EventDate "2010.09.05"]
[EventType "tourn"]
[EventRounds "13"]
[EventCountry "UZB"]
[SourceTitle "CBM 138 Extra"]
[Source "ChessBase"]
[SourceDate "2010.10.29"]
[SourceVersion "1"]
[SourceVersionDate "2010.10.29"]
[SourceQuality "1"]

1. e4 e6 2. Nc3 d5 3. Nf3 Nf6 4. e5 Ne4 5. Nb1 Be7 6. Be2 c5 7. 0-0 Nc6 8. Bb5 c4 9. d3 cxd3 10. cxd3 Nc5 11. Nd4 Bd7 12. Bxc6 bxc6 13. Be3 Rb8 14. Qc2 Qc7 15. Nd2 Qxe5 16. Nxc6 Bxc6 17. d4 Qf6 18. dxc5 Rxb2 19. Qc1 Rb8 20. Qa3 0-0 21. Qxa7 d4 22. Bxd4 Qxd4 23. Qxe7 Qxd2 24. Rfd1 Qc2 25. Qd6 Qe4 26. Qg3 Rfd8 27. Re1 Qd5 28. h3 Qxc5 29. Rec1 Qd6 30. Qc3 Bd5 31. a4 h6 32. a5 Qb4 33. a6 Qxc3 34. Rxc3 Ra8 35. Rc7 Rdc8 36. Rd7 Kf8 37. a7 Ke8 38. Rd6 Rc6 39. Rxc6 Bxc6 40. f3 Kd7 41. Kf2 Kc7 42. Ke3 Kb7 43. Kd4 Rxa7 44. Rxa7+ Kxa7 45. Kc5 Bd5 46. Kd6 Kb6 47. Ke7 e5 48. Kf8 g6 49. Kg7 h5 50. Kf6 e4 51. fxe4 Bxe4 52. Kxf7 Kc5 53. Kf6 Kd4 54. Kg5 Bxg2 55. Kxg6 Bf3 56. Kg5 Ke3 57. Kf5 Kf2 58. Kf4 Kg2 59. h4 Bg4 60. Ke4 Kg3 61. Ke3 Bf3 62. Kd2 Kxh4 0-1

[Event "UZB-ch U20 Girls"]
[Site "Tashkent"]
[Date "2010.09.11"]
[Round "7"]
[White "Qurbonboeva, Sarvinoz"]
[Black "Verbova, Elena"]
[Result "1/2-1/2"]
[WhiteElo "2031"]
[BlackElo "1945"]
[PlyCount "74"]
[EventDate "2010.09.05"]
[EventType "tourn"]
[EventRounds "13"]
[EventCountry "UZB"]
[SourceTitle "CBM 138 Extra"]
[Source "ChessBase"]
[SourceDate "2010.10.29"]
[SourceVersion "1"]
[SourceVersionDate "2010.10.29"]
[SourceQuality "1"]

1. c4 f5 2. Nc3 Nf6 3. d4 g6 4. g3 Bg7 5. Bg2 d6 6. Nf3 0-0 7. d5 Na6 8. Nd4 Nc5 9. b4 Nce4 10. Bb2 Nxc3 11. Bxc3 Ne4 12. Bb2 Re8 13. 0-0 e5 14. Nb3 Nf6 15. Rc1 h5 16. e3 h4 17. Nd2 hxg3 18. hxg3 Ng4 19. Re1 Qg5 20. Nf1 Bd7 21. Qd2 Kf7 22. f3 Nf6 23. f4 exf4 24. exf4 Qh5 25. Nh2 Ng4 26. Nxg4 Bxb2 27. Qxb2 Qxg4 28. Qf2 Rh8 29. Rc3 Rae8 30. Rce3 Rxe3 31. Qxe3 Re8 32. Qf2 Rxe1+ 33. Qxe1 g5 34. Qe3 Qd1+ 35. Kh2 Qh5+ 36. Kg1 Qd1+ 37. Kh2 Qh5+ 1/2-1/2

[Event "UZB-ch U20 Girls"]
[Site "Tashkent"]
[Date "2010.09.07"]
[Round "3"]
[White "Verbova, Elena"]
[Black "Sabirova, Jannet"]
[Result "1-0"]
[WhiteElo "1945"]
[BlackElo "1810"]
[PlyCount "143"]
[EventDate "2010.09.05"]
[EventType "tourn"]
[EventRounds "13"]
[EventCountry "UZB"]
[SourceTitle "CBM 138 Extra"]
[Source "ChessBase"]
[SourceDate "2010.10.29"]
[SourceVersion "1"]
[SourceVersionDate "2010.10.29"]
[SourceQuality "1"]

1. d4 Nf6 2. g3 c5 3. e3 d5 4. Bg2 e6 5. Nf3 Be7 6. b3 0-0 7. 0-0 Nbd7 8. Bb2 b6 9. Ne5 Nxe5 10. dxe5 Ne8 11. c4 Nc7 12. Nc3 Bb7 13. Qe2 Qc8 14. Rad1 Rd8 15. Rd2 dxc4 16. Rxd8+ Bxd8 17. Bxb7 Qxb7 18. Qxc4 Be7 19. Rd1 Rd8 20. Rxd8+ Bxd8 21. Qd3 Qc8 22. e4 Be7 23. Ne2 Qd8 24. Qxd8+ Bxd8 25. Kf1 Kf8 26. Ke1 Ke8 27. Kd2 Kd7 28. Kd3 Kc6 29. h4 Na6 30. a3 b5 31. f4 Nb8 32. Ng1 Nd7 33. Nf3 h6 34. g4 Nb6 35. Bc1 Be7 36. f5 a6 37. g5 hxg5 38. hxg5 Nd7 39. f6 Bf8 40. Bb2 Nb6 41. Nd2 Kd7 42. Bc1 Kc6 43. Kc3 Nd7 44. Nf3 a5 45. Bf4 Nb6 46. Nd2 Nd7 47. a4 bxa4 48. bxa4 Nb6 49. Kb3 g6 50. Bg3 Kb7 51. Be1 Ka6 52. Bg3 Kb7 53. Bh4 Ka6 54. Be1 Kb7 55. Kc2 Ka6 56. Nb3 Nc4 57. Bc3 Ne3+ 58. Kd2 Nc4+ 59. Kd3 Nb6 60. Nxa5 Nxa4 61. Nc6 c4+ 62. Kxc4 Nc5 63. Nd8 Nxe4 64. Nxf7 Kb6 65. Kd4 Nf2 66. Nh8 Kb5 67. Bd2 Bc5+ 68. Kc3 Bb4+ 69. Kc2 Bc5 70. Nxg6 Kc6 71. f7 Kd5 72. Be3 1-0